000 00440nam a22001337a 4500
040 _cNUST
082 _a200 THE
100 _aMuhammad Talha
_989949
110 _aSupervisor Dr. Imran Akhtar
_989950
245 _aTH-SOF-1969-Numerical Simulation of Aerosols Transmission Due to Cough in An Indoor Environment Related To COVID-19
260 _aISLAMABAD:
_bNUST COLLEGE OF EME,
_c2022.
650 _aMS-MECH-2018
_989951
942 _2ddc
_cTHE
999 _c588426
_d588426